[Event "Campillos op 10th"]
[Site "Campillos"]
[Date "2007.03.03"]
[Round "9.18"]
[White "Berbatov, Kiprian"]
[Black "Maz Machado, Alexander"]
[Result "0-1"]
[WhiteElo "2145"]
[BlackElo "1960"]
[PlyCount "60"]
[EventDate "2007.02.24"]
[EventType "swiss"]
[EventRounds "9"]
[EventCountry "ESP"]
[SourceTitle "CBM 117 Extra"]
[Source "ChessBase"]
[SourceDate "2007.05.09"]
[SourceVersion "1"]
[SourceVersionDate "2007.05.09"]
[SourceQuality "1"]

1. e4 c5 2. Nf3 Nc6 3. d4 cxd4 4. Nxd4 Nf6 5. Nc3 e5 6. Ndb5 d6 7. Nd5 Nxd5 8. exd5 Nb8 9. c4 a6 10. Nc3 Be7 11. Bd3 Nd7 12. 0-0 0-0 13. f3 f5 14. Kh1 Nf6 15. b4 Bd7 16. Be3 Rc8 17. Qb3 Kh8 18. a4 Qe8 19. Rfd1 Qh5 20. Be2 f4 21. Bg1 g5 22. c5 Rg8 23. c6 bxc6 24. Bxa6 g4 25. Be2 g3 26. b5 gxh2 27. Ba7 Rxg2 28. Kxg2 Rg8+ 29. Kh1 Qh3 30. Bf1 Qxf3+ 0-1

[Event "Campillos op 10th"]
[Site "Campillos"]
[Date "2007.02.24"]
[Round "1.10"]
[White "Maz Machado, Alexander"]
[Black "Fernandez Romero, Ernesto"]
[Result "0-1"]
[WhiteElo "1960"]
[BlackElo "2434"]
[PlyCount "72"]
[EventDate "2007.02.24"]
[EventType "swiss"]
[EventRounds "9"]
[EventCountry "ESP"]
[SourceTitle "CBM 117 Extra"]
[Source "ChessBase"]
[SourceDate "2007.05.09"]
[SourceVersion "1"]
[SourceVersionDate "2007.05.09"]
[SourceQuality "1"]

1. e4 c5 2. Nf3 Nc6 3. d4 cxd4 4. Nxd4 Qc7 5. Nb5 Qb8 6. c4 a6 7. N5c3 e6 8. g3 Nf6 9. Bg2 b5 10. cxb5 axb5 11. 0-0 b4 12. Ne2 Ba6 13. Nd2 h5 14. Nb3 h4 15. Re1 hxg3 16. hxg3 Bd6 17. Nf4 g5 18. Nd5 exd5 19. exd5+ Ne5 20. Bxg5 Ng8 21. f4 Kf8 22. fxe5 Bxe5 23. Nc5 Ra7 24. Nxa6 Rxa6 25. Qe2 Bd4+ 26. Be3 Bxe3+ 27. Qxe3 Rg6 28. Rac1 Nf6 29. Qe5 Qa7+ 30. Qe3 Qxa2 31. Qc5+ Kg7 32. Qxb4 Rxg3 33. d6 Rxg2+ 34. Kxg2 Qd5+ 35. Kf2 Rh2+ 36. Ke3 Rh3+ 0-1